000 00583nam a2200229Ia 4500
003 OSt
005 20221005124532.0
006 a|||||r|||| 00| 0
007 ta
008 221004b |||||||| |||| 00| 0 mal d
024 _a62285
037 _cTextual
040 _aCRL
_cCRL
_bmal
041 _2mal
_amal
082 _aO32,3N25,2, J5
100 _aNana Kumar Au.
_9635387
245 0 _aNalathe mazhavillu
260 _c1955
650 _aMALAYALAM LITERATURE
_938866
942 _hO32,3N25,2, J5
_cTEXL
_2cc
999 _c1050784
_d1050784